Anime Couples - Statistics

General Stats
  • This quiz has been taken 7,928 times
    7,790 since last reset
  • The average score is 8 of 26
Answer Stats
Couple Name of Anime % Correct
Naruto and Hinata Naruto
96%
Ichigo and Rukia Bleach
83%
InuYasha and Kagome InuYasha
83%
Goku And ChiChi Dragon Ball Z
82%
Natsu and Lucy Fairy Tail
81%
Kirito and Asuna Sword Art Online
80%
Soul and Maka Soul Eater
57%
Howl and Sophie Howl's Moving Castle
48%
Yuno and Yuki Mirai Nikki
42%
Chihiro and Haku Spirited Away
29%
Misaki and Usui Kaichou wa maid sama
23%
Yuuki and Zero Vampire Knight
22%
Otonashi and Kanade Angel Beats
20%
Louise and Saito Zero No Tsukaima
17%
Lucy and Kouta Elfen Lied
16%
Shu and Inori Guilty Crown
13%
Shizuku and Haru My Little Monster
11%
Moka and Tsukune Rosario + Vampire
9%
San and Ashitaka Princess Mononoke
8%
Ichigo and Aoyama Tokyo Mew Mew
8%
Victorique and Kujo Gosick
6%
Ririchiyo and Soushi Inu x Boku Secret Service
5%
Hikari and Manaka Nagi no Asukara
3%
Chihiro and Rea Sankarea
3%
Cheza and Kiba Wolf's Rain
3%
Teiichi and Yuko Tasogare Otome × Amunejia
1%
No matching quizzes found
Score Distribution
Percent of People with Each Score
Percentile by Number Answered
Your Score History
You have not taken this quiz since the last reset